000 00922nam a2200193Ii 4500
003 JO-AjNU
008 230605s9999||||xx |||||||||||||| ||und||
040 _aJO-AjNU
_bara
_erda
_cJO-AjNU
041 _aara
050 1 4 _aKRM1216.6.A44.1996
100 3 _aحسن، علي عوض,
_eauthor
_931366
245 0 0 _a الصيغ القانونية للدعاوى العمالية : قانون العمل رقم 137 لسنة 1981 والقرارات المنفذة له، قانون النقابات العمالية رقم 35 لسنة 1976
264 3 1 _aالاسكندرية : دار المطبوعات الجامعية، 1996
300 _a291ص
336 _atext
_btxt
_2rdacontent
337 _aunmediated
_bn
_2rdamedia
338 _avolume
_bnc
_2rdacarrier
650 4 _aالعمل والعمال -- قوانين وتشريعات -- مصر-- الدعوى المدنية -- قوانين وتشريعات -- مصر
_931367
999 _aA12539
_c16107
_d16107